AH International Schools' Libraries

The pirate-cruncher / (Record no. 50168)

MARC details
000 -LEADER
fixed length control field 00283nam a2200109 4500
020 ## - INTERNATIONAL STANDARD BOOK NUMBER
International Standard Book Number 9781848773769
100 ## - MAIN ENTRY--PERSONAL NAME
Personal name Duddle, Jonny
9 (RLIN) 71251
245 ## - TITLE STATEMENT
Title The pirate-cruncher /
Statement of responsibility, etc Jonny Duddle
260 ## - PUBLICATION, DISTRIBUTION, ETC. (IMPRINT)
Place of publication, distribution, etc UK
Name of publisher, distributor, etc Templar Book
Date of publication, distribution, etc 2009
300 ## - PHYSICAL DESCRIPTION
Extent unpaged.
Other physical details col. ill.
Dimensions 25 cm.
942 ## - ADDED ENTRY ELEMENTS (KOHA)
Source of classification or shelving scheme
Koha item type Book
Holdings
Withdrawn status Lost status Source of classification or shelving scheme Damaged status Not for loan Collection code Home library Current library Shelving location Date acquired Total Checkouts Full call number Barcode Checked out Date last seen Date checked out Price effective from Koha item type
          TEACHERS' RESOURCES Asian Hope Early Years Library Asian Hope Early Years Library Easy Reading 02/06/2026 1 E DUD 209962 04/06/2026 04/06/2026 04/06/2026 02/06/2026 Book
          TEACHERS' RESOURCES Asian Hope Early Years Library Asian Hope Early Years Library Easy Reading 03/09/2026   E DUD 209520   03/09/2026   03/09/2026 Book

For any Logos Library related questions please contact Miss Art at swongnarasuk@asianhope.org.

For any Asian Hope Library related questions please contact Miss Raza at graza@asianhope.org.

Click here to explore our ebooks!

Powered by Koha